00988nam a2200277 a 4500001000400000003001000004005001700014008004100031020001500072040002500087080001600112090001700128100002600145245007200171260003400243300002000277490006100297504002500358650003000383650005500413650004600468830004900514942001200563952012200575999001300697752BR-CuiBMT20231129141400.0231116s2015 baba 00| 0 por d a8544203345 aBR-CuiBMTcBR-CuiBMT a342.822007 a342.8bB271d10aBarreiros Neto, Jaime10aDireito eleitoral :bem provas discursivas /cJaime Barreiros Neto. aSalvador :bJusPODIVM,c2015. a223 p. ;c24 cm1 aColeção provas discursivas, respondidas e comentadas ainclui bibliografia. aDireito eleitoralzBrasil aJustiça eleitoralxQuestões comentadaszBrasil aProcesso eleitoralxQuestões comentadas 0aProvas discursivas, respondidas e comentadas 2udccLV 00102udc4070aBIBTCEMTbBIBTCEMTd2023-11-16l0o342.8 B271d pBIBTCEMT23110641r2023-11-16tEx. 1w2023-11-16yLV c752d752